[Event "Pere Noel"]
[Site "Montreal CAN"]
[Date "2016.12.30"]
[Round "5.5"]
[White "Leveille, Francois"]
[Black "Duong, Thanh Nha"]
[Result "1-0"]
[WhiteElo "2336"]
[BlackElo "2248"]
[PlyCount "119"]
[EventDate "2016.12.26"]
[EventType "swiss"]
[EventRounds "5"]
[EventCountry "CAN"]

1. e4 d6 2. d4 Nf6 3. f3 e5 4. dxe5 dxe5 5. Qxd8+ Kxd8 6. Bc4 Ke8 7. Be3 Nbd7
8. Nd2 Bc5 9. Nf1 Ke7 10. Ne2 Re8 11. g4 Bxe3 12. Nxe3 Nb6 13. Ng3 Kf8 14. h4
Nfd7 15. g5 Nc5 16. O-O-O a5 17. Bb5 c6 18. Bf1 Be6 19. a3 Rad8 20. Re1 Nc8 21.
Ngf5 b5 22. h5 Bxf5 23. exf5 Nd6 24. h6 g6 25. Ng4 Nd7 26. fxg6 fxg6 27. Rg1
Nf7 28. Nf2 Nd6 29. Bh3 Nc5 30. Ng4 Nd7 31. Re2 Nf7 32. Nf2 Nb6 33. Ne4 Nd5 34.
Rd2 Nd6 35. Rgd1 Nc4 36. Rd3 Nce3 37. Re1 Nf5 38. Bf1 Kf7 39. Nf2 Nd4 40. Ng4
Nf4 41. Rde3 Kf8 42. Nf6 Re7 43. Rxe5 Rxe5 44. Rxe5 Nxf3 45. Nxh7+ Kf7 46. Re3
Nd4 47. Nf6 Nfe6 48. Ne4 Nf5 49. Rh3 Kg8 50. Rh2 Kh8 51. Rd2 Nfd4 52. Bh3 Rf8
53. Bxe6 Nxe6 54. Rd6 Re8 55. Nf6 Re7 56. Rxc6 Nf8 57. Rc8 Rf7 58. b3 b4 59.
axb4 axb4 60. Kd2 1-0

[Event "Varennes"]
[Site "Varennes CAN"]
[Date "2016.10.08"]
[Round "2.9"]
[White "Duong, Thanh Nha"]
[Black "Huang, Qiuyu"]
[Result "1-0"]
[WhiteElo "2224"]
[BlackElo "2119"]
[PlyCount "53"]
[EventDate "2016.10.07"]
[EventType "swiss"]
[EventRounds "5"]
[EventCountry "CAN"]

1. d4 d5 2. c4 e6 3. g3 Nf6 4. Nf3 c6 5. Bg2 Be7 6. O-O b6 7. Nfd2 Ba6 8. b3
Nbd7 9. e4 O-O 10. Bb2 Qc7 11. Nc3 dxc4 12. e5 Nd5 13. bxc4 Nxc3 14. Bxc3 Rad8
15. Re1 b5 16. c5 Nxc5 17. dxc5 Bxc5 18. Qc2 b4 19. Bb2 Qb6 20. Ne4 Be7 21.
Rac1 Bb5 22. Red1 c5 23. Nf6+ gxf6 24. exf6 Bd6 25. Qd2 Kh8 26. Qh6 Rg8 27. Be4
1-0

[Event "Varennes"]
[Site "Varennes CAN"]
[Date "2016.10.08"]
[Round "3.5"]
[White "Rodrigue-Lemieux, Shawn"]
[Black "Duong, Thanh Nha"]
[Result "0-1"]
[WhiteElo "2224"]
[BlackElo "2110"]
[PlyCount "58"]
[EventDate "2016.10.07"]
[EventType "swiss"]
[EventRounds "5"]
[EventCountry "CAN"]

1. e4 c5 2. Nf3 Nc6 3. d3 d6 4. g3 g6 5. Bg2 Bg7 6. O-O e5 7. Nc3 Nge7 8. Nd2
O-O 9. Nc4 Nd4 10. Be3 Be6 11. a4 Qd7 12. Ne2 d5 13. Nd2 Nxe2+ 14. Qxe2 d4 15.
Bg5 f6 16. Bh4 g5 17. f4 gxh4 18. f5 Bf7 19. g4 Bh6 20. Nf3 Kh8 21. Qe1 Bg5 22.
Nxh4 Rg8 23. Bf3 c4 24. Ng2 cxd3 25. cxd3 Rac8 26. h4 Bh6 27. Qg3 Nc6 28. Be2
Nb4 29. Rf3 Rxg4 0-1

[Event "Varennes"]
[Site "Varennes CAN"]
[Date "2016.10.09"]
[Round "4.3"]
[White "Sambuev, Bator"]
[Black "Duong, Thanh Nha"]
[Result "1-0"]
[WhiteElo "2598"]
[BlackElo "2224"]
[PlyCount "117"]
[EventDate "2016.10.07"]
[EventType "swiss"]
[EventRounds "5"]
[EventCountry "CAN"]

1. Nf3 Nf6 2. c4 c5 3. Nc3 b6 4. g3 Bb7 5. Bg2 g6 6. O-O Bg7 7. d4 cxd4 8. Qxd4
O-O 9. Qh4 d6 10. Bg5 Nbd7 11. Rac1 Rc8 12. b3 Rc5 13. b4 Rc8 14. Rfd1 a6 15.
Bf1 Re8 16. e4 Qc7 17. Nd5 Qb8 18. Bh3 Bxd5 19. exd5 Rc7 20. Nd4 Ne5 21. f4
Nxc4 22. Nc6 Rxc6 23. dxc6 b5 24. Bg2 Qb6+ 25. Kh1 Ne3 26. Rd2 Nxg2 27. Kxg2
Rc8 28. Rdc2 Nd5 29. f5 gxf5 30. Bd2 e6 31. Qh5 Rc7 32. Qf3 Qd4 33. a3 Qe4 34.
Bg5 h6 35. Bf4 Qxf3+ 36. Kxf3 e5 37. Be3 e4+ 38. Kf2 Nxe3 39. Kxe3 d5 40. Rd1
d4+ 41. Rxd4 Bxd4+ 42. Kxd4 Kf8 43. Kc5 Ke8 44. Kb6 Kd8 45. Kxa6 Re7 46. Kxb5
Kc7 47. Kc5 Re5+ 48. Kd4 f6 49. Rc3 Rb5 50. Ke3 Rb6 51. Rc5 Rxc6 52. Rxf5 Rc2
53. Rf2 Rc3+ 54. Kxe4 Rxa3 55. Rxf6 Ra4 56. Rxh6 Rxb4+ 57. Kf5 Kd8 58. Re6 Rb5+
59. Re5 1-0

[Event "Varennes"]
[Site "Varennes CAN"]
[Date "2016.10.09"]
[Round "5.4"]
[White "Duong, Thanh Nha"]
[Black "Masse, Hugues"]
[Result "1/2-1/2"]
[WhiteElo "2224"]
[BlackElo "2317"]
[PlyCount "52"]
[EventDate "2016.10.07"]
[EventType "swiss"]
[EventRounds "5"]
[EventCountry "CAN"]

1. e4 c5 2. Nf3 d6 3. g3 g6 4. Bg2 Bg7 5. O-O Nc6 6. d3 e6 7. Nbd2 Nge7 8. Re1
O-O 9. Nf1 b5 10. h4 e5 11. c3 b4 12. Ne3 Rb8 13. Nc4 bxc3 14. bxc3 Na5 15.
Nfd2 Nec6 16. Qc2 Nxc4 17. Nxc4 Na5 18. Bg5 f6 19. Nxa5 Qxa5 20. Bd2 Qa3 21.
Rab1 Be6 22. c4 Bd7 23. Rxb8 Rxb8 24. Rb1 Rb6 25. Rxb6 axb6 26. Qb3 Qxb3
1/2-1/2

[Event "Montreal op"]
[Site "Montreal CAN"]
[Date "2016.09.09"]
[Round "1.16"]
[White "Duong, Thanh Nha"]
[Black "Ang, Alan"]
[Result "1/2-1/2"]
[WhiteElo "2255"]
[BlackElo "2032"]
[PlyCount "85"]
[EventDate "2016.09.09"]
[EventType "swiss"]
[EventRounds "5"]
[EventCountry "CAN"]

1. d4 Nf6 2. Bf4 g6 3. e3 Bg7 4. Nf3 d5 5. h3 O-O 6. Bd3 b6 7. c4 Bb7 8. Nc3 e6
9. O-O Nbd7 10. Rc1 a6 11. Qe2 Re8 12. Rfd1 c5 13. a4 Qe7 14. Bh2 Rec8 15. Ne5
cxd4 16. exd4 Qb4 17. cxd5 exd5 18. Bb1 Nf8 19. Ba2 Ne6 20. Nf3 Rd8 21. Be5
Rac8 22. Ne1 Ne8 23. Nd3 Qe7 24. Bxg7 N8xg7 25. Bxd5 Rxc3 26. bxc3 Bxd5 27. c4
Bxg2 28. Kxg2 Rxd4 29. Kh2 Nh5 30. Qe5 Qh4 31. Qb8+ Kg7 32. Qe5+ Kg8 33. Qb8+
Rd8 34. Qxb6 Nd4 35. Qb7 Ne2 36. Rc2 Nef4 37. Qf3 Ne6 38. Qg4 Qf6 39. Ne1 Qe5+
40. Kg1 Rxd1 41. Qxd1 Nhf4 42. Nf3 Nxh3+ 43. Kf1 1/2-1/2

[Event "Montreal op"]
[Site "Montreal CAN"]
[Date "2016.09.10"]
[Round "2.13"]
[White "Pitre, Francois"]
[Black "Duong, Thanh Nha"]
[Result "0-1"]
[WhiteElo "1962"]
[BlackElo "2255"]
[PlyCount "122"]
[EventDate "2016.09.09"]
[EventType "swiss"]
[EventRounds "5"]
[EventCountry "CAN"]

1. d4 Nf6 2. Nf3 c5 3. Bf4 cxd4 4. Qxd4 Nc6 5. Qa4 g6 6. Nbd2 Bg7 7. c3 O-O 8.
e3 Nh5 9. Bg5 h6 10. Bh4 g5 11. g4 Nf6 12. Bg3 Qa5 13. Qxa5 Nxa5 14. h3 d6 15.
Bd3 e5 16. h4 gxh4 17. Nxh4 Bxg4 18. Nf5 Bxf5 19. Bxf5 Nc6 20. Bh4 Ne7 21. Bxf6
Nxf5 22. Rg1 Kh8 23. Bxg7+ Nxg7 24. Nc4 Rfd8 25. O-O-O Ne8 26. e4 Rac8 27. Ne3
Ng7 28. Rh1 Kh7 29. Rdg1 Re8 30. Rxg7+ Kxg7 31. Nf5+ Kg6 32. Nxd6 Rb8 33. Nxe8
Rxe8 34. Kd2 h5 35. Ke3 Kg5 36. Rg1+ Kf6 37. f4 exf4+ 38. Kxf4 Rh8 39. Rg2 h4
40. c4 h3 41. Rh2 Rh4+ 42. Kf3 Ke5 43. b3 a5 44. Kg3 Rxe4 45. Kxh3 Re3+ 46. Kh4
f5 47. Rd2 a4 48. Rd5+ Ke4 49. Rb5 Re2 50. bxa4 Kf4 51. Kh3 Re3+ 52. Kg2 Ra3
53. a5 Rxa2+ 54. Kf1 Kf3 55. Rb3+ Kg4 56. Rxb7 f4 57. a6 Rxa6 58. Rb3 Ra2 59.
Rc3 Ra1+ 60. Ke2 f3+ 61. Ke3 Re1+ 0-1

[Event "Montreal op"]
[Site "Montreal CAN"]
[Date "2016.09.10"]
[Round "3.9"]
[White "Mendoza, Armand Jess"]
[Black "Duong, Thanh Nha"]
[Result "0-1"]
[WhiteElo "1863"]
[BlackElo "2255"]
[PlyCount "61"]
[EventDate "2016.09.09"]
[EventType "swiss"]
[EventRounds "5"]
[EventCountry "CAN"]

1. e4 c5 2. Nf3 Nc6 3. g3 g6 4. d3 Bg7 5. Bg2 d6 6. Nbd2 e5 7. c3 Nge7 8. O-O
O-O 9. a4 h6 10. Nc4 f5 11. b4 Be6 12. b5 Na5 13. Nxa5 Qxa5 14. Bd2 c4 15. exf5
gxf5 16. dxc4 Bxc4 17. Re1 Ng6 18. Qc1 Kh7 19. h4 Rad8 20. h5 Ne7 21. Nh4 Qc7
22. Qc2 d5 23. Bh3 e4 24. Bf4 Be5 25. Ng2 Rfe8 26. Rac1 a6 27. b6 Qd6 28. Bxe5
Qxe5 29. a5 Nc6 30. Nh4 Ne7 31. Ng2 {...} 0-1

[Event "Montreal op"]
[Site "Montreal CAN"]
[Date "2016.09.11"]
[Round "4.5"]
[White "Duong, Thanh Nha"]
[Black "Sriram, Jha"]
[Result "0-1"]
[WhiteElo "2255"]
[BlackElo "2418"]
[PlyCount "128"]
[EventDate "2016.09.09"]
[EventType "swiss"]
[EventRounds "5"]
[EventCountry "CAN"]

1. b3 d5 2. Bb2 Bg4 3. g3 c6 4. Bg2 Nd7 5. Nf3 e6 6. O-O Ngf6 7. d4 Be7 8. Nbd2
O-O 9. c4 a5 10. a3 Bh5 11. h3 Qb8 12. Re1 b5 13. c5 Rd8 14. b4 Qb7 15. Nb3
axb4 16. axb4 Rxa1 17. Qxa1 Ra8 18. Na5 Qc8 19. Ne5 Nxe5 20. dxe5 Nd7 21. Bd4
Bd8 22. Qc3 Bxa5 23. bxa5 Qc7 24. g4 Bg6 25. Ra1 f6 26. f4 fxe5 27. Bxe5 Nxe5
28. fxe5 b4 29. Qxb4 Qxe5 30. Re1 Rb8 31. Qa3 Qd4+ 32. Kh1 Qd2 33. Qa1 Ra8 34.
a6 h6 35. Bf3 Qe3 36. Qa5 Be4 37. Ra1 Bxf3+ 38. exf3 Qxf3+ 39. Kh2 Qf2+ 40. Kh1
Rb8 41. Qe1 Qxe1+ 42. Rxe1 Kf7 43. Kg1 Kf6 44. Kf2 Ra8 45. Ra1 Ke5 46. Re1+ Kd4
47. Rxe6 Rxa6 48. Re7 Ra2+ 49. Kf1 Rh2 50. Rxg7 Rxh3 51. Kg2 Ra3 52. Rg6 Kxc5
53. Rxh6 d4 54. g5 Ra8 55. g6 d3 56. Kf2 Re8 57. Rh3 Kd4 58. g7 Rg8 59. Rg3 c5
60. Rg4+ Kc3 61. Ke1 Re8+ 62. Kd1 Ra8 63. Ke1 d2+ 64. Ke2 Re8+ 0-1

[Event "Montreal op"]
[Site "Montreal CAN"]
[Date "2016.09.11"]
[Round "5.9"]
[White "Libersan, Thierry"]
[Black "Duong, Thanh Nha"]
[Result "1-0"]
[WhiteElo "2148"]
[BlackElo "2255"]
[PlyCount "133"]
[EventDate "2016.09.09"]
[EventType "swiss"]
[EventRounds "5"]
[EventCountry "CAN"]

1. Nf3 Nf6 2. c4 g6 3. g3 Bg7 4. Bg2 O-O 5. O-O d6 6. Nc3 Nc6 7. Rb1 a5 8. a3
e5 9. d3 Nd7 10. b4 axb4 11. axb4 h6 12. b5 Ne7 13. Bd2 Nc5 14. Ne1 g5 15. Nc2
Ng6 16. Nb4 f5 17. Nbd5 f4 18. Ne4 Nxe4 19. Bxe4 Bf5 20. b6 c6 21. Nc7 Rb8 22.
Qb3 Qd7 23. Bb4 Kh7 24. Bxf5 Rxf5 25. g4 Rf7 26. f3 e4 27. Bc3 e3 28. d4 Nh4
29. d5 c5 30. Ne6 Bxc3 31. Qxc3 Ng6 32. Qc2 Rf6 33. Ra1 Kg8 34. Ra7 Nf8 35.
Nxf8 Rbxf8 36. Kg2 h5 37. h3 Rh6 38. Rfa1 hxg4 39. hxg4 Qf7 40. Ra8 Qf6 41. Qe4
Kg7 42. R1a7 Rf7 43. Qe8 Qb2 44. Qg8+ Kf6 45. Qd8+ Kg6 46. Qg8+ Kf6 47. Qd8+
Kg6 48. Qxd6+ Kg7 49. Ra2 Qxe2+ 50. Rxe2 Rxd6 51. Rb2 Re7 52. Kf1 Rh6 53. Rc8
Rh1+ 54. Kg2 Rd1 55. Re2 Rd2 56. Kf1 Kf6 57. Rxc5 Ke5 58. Rc7 Rd1+ 59. Re1
Rxe1+ 60. Kxe1 Re8 61. Rxb7 Rh8 62. Ra7 Kd4 63. b7 Kd3 64. Ra3+ Kxc4 65. Ra8
Rh1+ 66. Ke2 Rh2+ 67. Kf1 1-0

[Event "Quebec op"]
[Site "Montreal CAN"]
[Date "2016.07.23"]
[Round "1.7"]
[White "Duong, Thanh Nha"]
[Black "Nikulich, Oleksandr"]
[Result "1-0"]
[WhiteElo "2205"]
[BlackElo "1984"]
[PlyCount "81"]
[EventDate "2016.07.23"]
[EventType "swiss"]
[EventRounds "8"]
[EventCountry "CAN"]

1. d4 f5 2. g3 Nf6 3. Bg2 g6 4. Nf3 Bg7 5. O-O O-O 6. c4 d6 7. b3 Ne4 8. Bb2
Nc6 9. Nbd2 Nxd2 10. Qxd2 e5 11. d5 Nb8 12. Ne1 e4 13. Bxg7 Kxg7 14. f3 exf3
15. exf3 Qf6 16. Rc1 Nd7 17. Nd3 Qd4+ 18. Rf2 Ne5 19. Nxe5 Qxe5 20. f4 Qf6 21.
c5 dxc5 22. Rxc5 Rf7 23. Qc3 Qxc3 24. Rxc3 c6 25. dxc6 bxc6 26. Bxc6 Bb7 27.
Rfc2 Rd8 28. Bxb7 Rxb7 29. Rc7+ Rd7 30. Rxb7 Rxb7 31. Rc6 Re7 32. Kf2 Kg8 33.
Kf3 Kg7 34. Ra6 Kg8 35. b4 Kh8 36. a4 Kg8 37. b5 Kh8 38. a5 Kg8 39. b6 axb6 40.
axb6 Re1 41. b7 1-0

[Event "Quebec op"]
[Site "Montreal CAN"]
[Date "2016.07.24"]
[Round "2.6"]
[White "Bora, Yagiz"]
[Black "Duong, Thanh Nha"]
[Result "0-1"]
[WhiteElo "1918"]
[BlackElo "2205"]
[PlyCount "46"]
[EventDate "2016.07.23"]
[EventType "swiss"]
[EventRounds "8"]
[EventCountry "CAN"]

1. e4 e6 2. b3 d5 3. Bb2 Nf6 4. e5 Nfd7 5. Qg4 c5 6. Nf3 Nc6 7. Bb5 Qb6 8. a4
Nb4 9. Na3 a6 10. Bxd7+ Bxd7 11. O-O-O c4 12. d4 cxb3 13. cxb3 Na2+ 14. Kb1
Nc3+ 15. Kc2 Nxd1 16. Rxd1 Rc8+ 17. Kb1 Qxb3 18. Nd2 Qd3+ 19. Ka2 Bxa4 20. Rc1
Rxc1 21. Bxc1 Bxa3 22. Qxg7 Bxc1 23. Qxh8+ Kd7 0-1

[Event "Quebec op"]
[Site "Montreal CAN"]
[Date "2016.07.24"]
[Round "3.1"]
[White "Sambuev, Bator"]
[Black "Duong, Thanh Nha"]
[Result "1-0"]
[WhiteElo "2536"]
[BlackElo "2205"]
[PlyCount "85"]
[EventDate "2016.07.23"]
[EventType "swiss"]
[EventRounds "8"]
[EventCountry "CAN"]

1. Nf3 Nf6 2. c4 g6 3. Nc3 Bg7 4. e4 d6 5. d4 O-O 6. Be2 e5 7. O-O Nc6 8. d5
Ne7 9. Ne1 Nd7 10. Be3 f5 11. f3 f4 12. Bf2 g5 13. Rc1 Rf7 14. Nd3 Nf6 15. c5
Ne8 16. a4 Bf8 17. a5 Ng6 18. cxd6 cxd6 19. Nb5 a6 20. Bb6 Qf6 21. Na3 h5 22.
Nf2 Kh8 23. b4 Ne7 24. Qa4 Ng7 25. Rc7 Qg6 26. h3 Rf6 27. Rfc1 Qe8 28. Qc2 Rg6
29. b5 Rb8 30. bxa6 bxa6 31. Ba7 Ra8 32. Nc4 Bd7 33. Nb6 Rd8 34. Nxd7 Rxd7 35.
Bxa6 Rxc7 36. Qxc7 Ng8 37. Qb8 Qf7 38. Rc8 Be7 39. Bb6 Kh7 40. Bb5 g4 41. hxg4
hxg4 42. Nxg4 Nh5 43. Be8 1-0

[Event "Quebec op"]
[Site "Montreal CAN"]
[Date "2016.07.25"]
[Round "4.5"]
[White "Duong, Thanh Nha"]
[Black "Lopez Linares, Lizandro"]
[Result "0-1"]
[WhiteElo "2205"]
[BlackElo "1984"]
[PlyCount "91"]
[EventDate "2016.07.23"]
[EventType "swiss"]
[EventRounds "8"]
[EventCountry "CAN"]

1. d4 d5 2. Nf3 Nf6 3. Bf4 e6 4. e3 Bd6 5. Bg3 O-O 6. Bd3 Ne4 7. Nbd2 f5 8. c4
c6 9. Bxd6 Qxd6 10. c5 Qe7 11. Ne5 Nd7 12. Ndf3 Ndf6 13. O-O Bd7 14. b4 b5 15.
Qe1 Rfb8 16. a4 a6 17. Ra3 Be8 18. Qa1 Qb7 19. Rb1 g5 20. Rb2 bxa4 21. Rxa4 a5
22. Rba2 g4 23. Ne1 Nd7 24. Nxd7 Bxd7 25. bxa5 e5 26. f3 Ng5 27. dxe5 h5 28. e6
Bxe6 29. fxg4 hxg4 30. Bxf5 Qg7 31. Bxe6+ Nxe6 32. Qd1 d4 33. exd4 Rd8 34. Qb3
Rd5 35. Nc2 Rf8 36. Ra1 Kh8 37. Qe3 Ng5 38. Kh1 Rdf5 39. Rg1 Rf4 40. Raa1 Ne4
41. g3 Nf2+ 42. Kg2 Re4 43. Qc3 Re2 44. Qc4 Nd3+ 45. Kh1 Rxh2+ 46. Kxh2 0-1

[Event "Quebec op"]
[Site "Montreal CAN"]
[Date "2016.07.26"]
[Round "5.11"]
[White "Jacquet, Stephane"]
[Black "Duong, Thanh Nha"]
[Result "1/2-1/2"]
[WhiteElo "1969"]
[BlackElo "2205"]
[PlyCount "101"]
[EventDate "2016.07.23"]
[EventType "swiss"]
[EventRounds "8"]
[EventCountry "CAN"]

1. d4 Nf6 2. c4 e6 3. Nf3 Bb4+ 4. Bd2 Qe7 5. e3 a5 6. Bd3 b6 7. a3 Bxd2+ 8.
Nbxd2 d6 9. Qa4+ Bd7 10. Qc2 a4 11. Qc3 Nc6 12. O-O O-O 13. Rad1 Rfe8 14. Ne4
Ra5 15. d5 Nxe4 16. Bxe4 Nd8 17. Rd2 e5 18. Bc2 Nb7 19. e4 Nc5 20. Ne1 Qg5 21.
Re2 Qh5 22. Re3 f5 23. Rh3 Qf7 24. exf5 Bxf5 25. Rf3 e4 26. Rg3 Bg6 27. f4 Bf5
28. Nf3 exf3 29. Bxf5 fxg2 30. Rxg2 Re7 31. Bb1 Ne4 32. Qd4 Qf6 33. Qd1 Ra8 34.
Kh1 Qh6 35. Qf3 Rae8 36. Rfg1 Kh8 37. Bc2 Nc5 38. Rg3 Re3 39. Qxe3 Rxe3 40.
Rxe3 Kg8 41. Reg3 Kf8 42. Rxg7 Qh3 43. R7g3 Qh5 44. Bd1 Qh4 45. Bc2 Qh5 46. Bf5
Qe2 47. Bxh7 Ne4 48. Rg8+ Ke7 49. R1g7+ Kf6 50. Rg6+ Kf7 51. R6g7+ 1/2-1/2

[Event "Quebec op"]
[Site "Montreal CAN"]
[Date "2016.07.27"]
[Round "6.10"]
[White "Duong, Thanh Nha"]
[Black "Lebeau, Gilbert"]
[Result "1-0"]
[WhiteElo "2205"]
[BlackElo "1993"]
[PlyCount "67"]
[EventDate "2016.07.23"]
[EventType "swiss"]
[EventRounds "8"]
[EventCountry "CAN"]

1. d4 d5 2. Bf4 Nf6 3. e3 c5 4. c3 Nc6 5. Nd2 Bf5 6. Qb3 Qb6 7. dxc5 Qxb3 8.
axb3 e5 9. Bg3 Bxc5 10. b4 Bd6 11. Ngf3 Nd7 12. b5 Ne7 13. Be2 O-O 14. O-O f6
15. Rfd1 Bc2 16. Rdc1 Bg6 17. Ne1 Nf5 18. Bf3 Nb6 19. e4 Nxg3 20. hxg3 Nc4 21.
Nxc4 dxc4 22. Rd1 Rfd8 23. Be2 Bf7 24. Nf3 a5 25. Nd2 b6 26. Bxc4 Bxc4 27. Nxc4
Bc5 28. Kf1 Kf8 29. Ke2 Ke7 30. f4 exf4 31. gxf4 Rxd1 32. Rxd1 g5 33. fxg5 fxg5
34. Rh1 1-0

[Event "Quebec op"]
[Site "Montreal CAN"]
[Date "2016.07.28"]
[Round "7.8"]
[White "Nunez, Omar"]
[Black "Duong, Thanh Nha"]
[Result "0-1"]
[WhiteElo "1895"]
[BlackElo "2205"]
[PlyCount "116"]
[EventDate "2016.07.23"]
[EventType "swiss"]
[EventRounds "8"]
[EventCountry "CAN"]

1. f4 c5 2. b3 Nc6 3. Bb2 Nf6 4. e3 g6 5. Nf3 Bg7 6. Be2 O-O 7. O-O d6 8. Qc1
Bd7 9. a4 Qc7 10. Na3 a6 11. Re1 Rfe8 12. Bc3 Nb4 13. Bb2 Rab8 14. Bf1 Bc6 15.
c3 Nbd5 16. d3 e5 17. fxe5 dxe5 18. e4 Nf4 19. g3 Ne6 20. Nc4 Nd7 21. Qc2 b5
22. axb5 axb5 23. Ne3 Qb7 24. Bg2 Nb6 25. c4 Nd4 26. Bxd4 exd4 27. Nd5 Nd7 28.
Rf1 Bh6 29. h3 bxc4 30. bxc4 Qb3 31. Qxb3 Rxb3 32. Ra7 Rb7 33. Rfa1 Bg7 34.
Rxb7 Bxb7 35. Ra7 Bxd5 36. cxd5 Ne5 37. Nxe5 Bxe5 38. Kf2 Rb8 39. Ra3 Rb2+ 40.
Kf3 Rb1 41. Kf2 Rb2+ 42. Kf3 h5 43. h4 Kg7 44. Bf1 Rb1 45. Be2 Rg1 46. Kf2 Rxg3
47. Ra5 Rh3 48. Rxc5 Rxh4 49. Rc6 Rh2+ 50. Kf1 Bg3 51. Rc2 Kf6 52. Kg1 g5 53.
Bd1 Rxc2 54. Bxc2 g4 55. Bb3 Bd6 56. Kg2 Kg5 57. e5 Bxe5 58. d6 f5 0-1

[Event "Quebec op"]
[Site "Montreal CAN"]
[Date "2016.07.29"]
[Round "8.6"]
[White "Duong, Thanh Nha"]
[Black "Durette, Francis"]
[Result "1-0"]
[WhiteElo "2205"]
[BlackElo "1897"]
[PlyCount "75"]
[EventDate "2016.07.23"]
[EventType "swiss"]
[EventRounds "8"]
[EventCountry "CAN"]

1. d4 Nf6 2. Nf3 g6 3. Bf4 Bg7 4. e3 O-O 5. Be2 d6 6. c4 Nh5 7. Bg5 h6 8. Bh4
g5 9. Bg3 f5 10. Nfd2 Nxg3 11. hxg3 Nd7 12. Nc3 Nf6 13. O-O c6 14. Rc1 e5 15.
d5 Qe7 16. e4 f4 17. b4 a5 18. a3 Bd7 19. Nb3 axb4 20. axb4 Rfc8 21. dxc6 Bxc6
22. Bd3 b6 23. Qe2 g4 24. Nd2 h5 25. Nd5 Bxd5 26. exd5 Bh6 27. Rc2 Ra6 28. Rb2
Rca8 29. Ne4 Ra1 30. Bb1 Ne8 31. Qc2 Bg7 32. c5 bxc5 33. bxc5 dxc5 34. Nxc5 Nf6
35. Rb7 Qd6 36. Qg6 Ne8 37. Qh7+ Kf8 38. Ne6+ 1-0

[Event "World op"]
[Site "Philadelphia USA"]
[Date "2016.06.30"]
[Round "1"]
[White "Duong, Thanh Nha"]
[Black "Shimanov, Alexandr"]
[Result "0-1"]
[WhiteElo "2220"]
[BlackElo "2631"]
[PlyCount "119"]
[EventDate "2016.06.30"]
[EventType "swiss"]
[EventRounds "9"]
[EventCountry "USA"]
[Source "Chessbase"]
[SourceDate "2016.07.17"]

1. b3 g6 2. Bb2 Nf6 3. Bxf6 exf6 4. c4 d5 5. cxd5 Qxd5 6. Nc3 Qd8 7. g3 Bd6 8.
Bg2 Nd7 9. Nf3 f5 10. O-O Nf6 11. Qc2 c6 12. d3 O-O 13. e4 Re8 14. Rfe1 Bb4 15.
e5 Nd5 16. Nxd5 Qxd5 17. Re2 Qd8 18. Qc4 Bf8 19. Nd4 Bg7 20. Rae1 Rf8 21. b4
Qb6 22. a4 a6 23. a5 Qa7 24. h4 Bd7 25. h5 Rfd8 26. hxg6 hxg6 27. Rd1 f4 28.
gxf4 Bg4 29. Nf3 Bxf3 30. Bxf3 Rd4 31. Qc5 Rxf4 32. Kg2 Qxc5 33. bxc5 Rd8 34.
d4 Rdxd4 35. Rxd4 Rxd4 36. Rb2 Bxe5 37. Rxb7 Rd2 38. Re7 Bc3 39. Re2 Bxa5 40.
Rxd2 Bxd2 41. Bxc6 Bb4 42. Bb7 a5 43. c6 Bd6 44. Ba6 f5 45. Kf3 Kf7 46. Ke3 g5
47. f3 Kf6 48. Kd4 g4 49. fxg4 fxg4 50. Bd3 Kg5 51. Ke3 Bc5+ 52. Ke4 Bb6 53.
Be2 Kh4 54. Bd1 g3 55. Bf3 Kh3 56. Kd5 g2 57. Bxg2+ Kxg2 58. Kc4 Kf3 59. Kb5
Bd8 60. Ka4 0-1

[Event "Choc des generations"]
[Site "Montreal CAN"]
[Date "2016.06.24"]
[Round "1.1"]
[White "Duong, Thanh Nha"]
[Black "Zhu, Hong Rui"]
[Result "1/2-1/2"]
[WhiteElo "2220"]
[BlackElo "2218"]
[PlyCount "75"]
[EventDate "2016.06.24"]
[EventType "schev"]
[EventRounds "5"]
[EventCountry "CAN"]

1. d4 d5 2. c4 e6 3. g3 c6 4. Bg2 Bd6 5. Nh3 f5 6. O-O Nf6 7. Bf4 O-O 8. Bxd6
Qxd6 9. Nd2 Nbd7 10. Qc2 b6 11. Nf4 Bb7 12. Rfd1 Rac8 13. Rac1 Kh8 14. e3 c5
15. cxd5 Nxd5 16. Nc4 Qe7 17. dxc5 Rxc5 18. Qd2 Rfc8 19. b3 N7f6 20. Ne5 Nxf4
21. Rxc5 Nh3+ 22. Bxh3 Qxc5 23. Qd8+ Ne8 24. Qd7 Qxe5 25. Qxb7 Qc7 26. Qxc7
Rxc7 27. Rd8 Re7 28. Bf1 Kg8 29. Bc4 Kf7 30. Kg2 Nf6 31. Rd6 Ng4 32. b4 Kf6 33.
h3 Ne5 34. Bb3 Nf7 35. Rc6 Ne5 36. Rd6 Nf7 37. Rc6 Ne5 38. Rd6 1/2-1/2

[Event "Choc des generations"]
[Site "Montreal CAN"]
[Date "2016.06.25"]
[Round "2.2"]
[White "Yu, Zong Yang"]
[Black "Duong, Thanh Nha"]
[Result "1-0"]
[WhiteElo "2367"]
[BlackElo "2220"]
[PlyCount "91"]
[EventDate "2016.06.24"]
[EventType "schev"]
[EventRounds "5"]
[EventCountry "CAN"]

1. Nf3 d5 2. c4 e6 3. g3 c6 4. Bg2 Nf6 5. O-O Bd6 6. d4 Ne4 7. b3 Qe7 8. Ne1 f5
9. Nd3 O-O 10. Bb2 a5 11. f3 Nf6 12. Nd2 Na6 13. e4 dxe4 14. fxe4 Ng4 15. Qe2
Qg5 16. Nf4 Nc7 17. e5 Bb4 18. Nf3 Qd8 19. c5 Nb5 20. h3 Nh6 21. Qc4 Nc7 22. a3
g5 23. Nh5 g4 24. Bc1 gxf3 25. Bxf3 Nf7 26. axb4 Nd5 27. Bd2 b5 28. Qd3 Kh8 29.
Rxa5 Rb8 30. Raa1 Rg8 31. Kh2 Rg6 32. Nf4 Nxf4 33. Bxf4 Bd7 34. Ra7 Rg7 35.
Rfa1 Be8 36. R1a6 Rc8 37. d5 Ng5 38. Bxg5 Rxg5 39. d6 Bd7 40. Qe3 Rg7 41. Qh6
Rg6 42. Qh4 Qxh4 43. gxh4 Rg7 44. Ra8 Rgg8 45. Rxc8 Bxc8 46. Ra7 1-0

[Event "Choc des generations"]
[Site "Montreal CAN"]
[Date "2016.06.26"]
[Round "4.4"]
[White "Ouellet, Maili-Jade"]
[Black "Duong, Thanh Nha"]
[Result "0-1"]
[WhiteElo "1945"]
[BlackElo "2220"]
[PlyCount "96"]
[EventDate "2016.06.24"]
[EventType "schev"]
[EventRounds "5"]
[EventCountry "CAN"]

1. d4 Nf6 2. c4 e6 3. Nc3 Bb4 4. Qc2 b6 5. Nf3 Bb7 6. e3 O-O 7. Bd3 d6 8. O-O
Bxc3 9. Qxc3 Ne4 10. Qc2 f5 11. Nd2 Nxd2 12. Bxd2 Qh4 13. f3 Nd7 14. Rae1 Rf6
15. Re2 c5 16. Qa4 Rf7 17. Be1 Qf6 18. Bc3 Qg5 19. Bd2 Qh5 20. b4 a6 21. Bc3
Raf8 22. Qb3 e5 23. d5 e4 24. Bb1 b5 25. bxc5 Nxc5 26. Qb4 bxc4 27. Rd2 f4 28.
exf4 Rxf4 29. Qxc4 exf3 30. Rd4 f2+ 31. Kh1 Qf7 32. Rxf4 Qxf4 33. Qe2 Bxd5 34.
Bxh7+ Kxh7 35. Qh5+ Qh6 36. Qxd5 Qg6 37. Bb4 Ne4 38. Qd4 Rf4 39. Qe3 Rh4 40. g4
Qxg4 41. Qd3 g6 42. Bxd6 Nxd6 43. Rxf2 Qe4+ 44. Qxe4 Rxe4 45. Kg2 Ra4 46. Rc2
Ra3 47. Kf2 Ne4+ 48. Ke1 Nc3 0-1

[Event "Choc des generations"]
[Site "Montreal CAN"]
[Date "2016.06.26"]
[Round "5.5"]
[White "Rodrigue-Lemieux, Shawn"]
[Black "Duong, Thanh Nha"]
[Result "1/2-1/2"]
[WhiteElo "1965"]
[BlackElo "2220"]
[PlyCount "52"]
[EventDate "2016.06.24"]
[EventType "schev"]
[EventRounds "5"]
[EventCountry "CAN"]

1. Nf3 Nf6 2. c4 c5 3. Nc3 b6 4. g3 Bb7 5. Bg2 e6 6. O-O d6 7. d4 cxd4 8. Nxd4
Bxg2 9. Kxg2 a6 10. e4 Nbd7 11. Re1 Qc7 12. Be3 Be7 13. Rc1 O-O 14. b3 Qb7 15.
f3 Rac8 16. Bf2 Rfe8 17. Kg1 Nc5 18. Qe2 Bf8 19. g4 g6 20. Red1 Rcd8 21. Bg3
Ncd7 22. Nc2 Ne5 23. Ne3 Nc6 24. Qb2 Ne5 25. Qe2 Nc6 26. Qb2 Ne5 1/2-1/2